000 00284 a2200085 4500
999 _c19971
_d19971
003 WA 310
005 20220223112140.0
008 220223s2000 pl |||f u||| 000 0 pol d
020 _a832365736X
040 _aWA 310
_cWA 310
041 _apol
_heng
245 0 0 _aAutomatyzacja projektowania - Podręcznik informacyjny języka VHDL =
_bDesign automation - Part 1: VHDL language reference manual PN-EN 61691-1:2000P /
_cNKP nr 173.
246 1 3 _aPN-EN 61691-1
246 1 3 _aICS 35.060
246 1 3 _aPolska Norma
246 3 1 _aDesign automation - Part 1: VHDL language reference manual (IEC 61691-1:1997)
260 _aWarszawa :
_bPKN,
_c2000.
300 _a263 stron ;
_c30 cm.
336 _2rdacontent
_aTekst
_btxt
337 _2rdamedia
_aBez urządzenia pośredniczącego
_bn
338 _2rdacarrier
_aWolumin
_bnc
500 _aWprowadza EN 61691-1:1997, IDT, IEC 61691-1:1997, IDT ; Zatwierdzona 29 grudnia 2000 r.
500 _aNorma Europejska EN 61691-1:1997 ma status Polskiej Normy.
590 _6Status: wycofana.
710 _91107
_aPolska.
_bPolski Komitet Normalizacyjny.
_eInstytucja sprawcza
710 _91108
_aPolska.
_bPolski Komitet Normalizacyjny.
_bWydział Wydawnictw Normalizacyjnych.
_eWydawca
920 _a83-236-5736-X
942 _2ddc
_cBK